banner koha

Cooperativismo e problemas de desenvolvimento regional [Comunidade rural; Cooperativa de consumo; Cooperativa de credito; Cooperativa de produtores; Vale do Ribeiro; Sao Paulo; Brasil] (Registro n. 13297)

MARC details
000 -LÍDER
campo de controle de tamanho fixo 01256nam a22003377a 4500
001 - NÚMERO DE CONTROLE
campo de controle BR6400082
003 - IDENTIFICADOR DO NÚMERO DE CONTROLE
campo de controle BR-BrBNA
005 - DATA E HORÁRIO DA ÚLTIMA TRANSAÇÃO
campo de controle 20230928083415.0
007 - CAMPO FIXO DE DESCRIÇÃO FÍSICA--INFORMAÇÃO GERAL
campo de controle de tamanho fixo ta
008 - CAMPO DE DADOS FIXOS--INFORMAÇÃO GERAL
campo de controle de tamanho fixo 230509b bl.||||| |||| 00| 0 por d
040 ## - FONTE DA CATALOGAÇÃO
Instituição da catalogação original BR-BrBNA
Idioma da catalogação por
Instituição que transcreveu o registro Biblioteca Nacional de Agricultura
041 ## - CÓDIGO DE IDIOMA
Código do idioma do texto/trilha sonora ou título diferente (Por)
072 ## - CÓDIGO DE CATEGORIA DE ASSUNTO
Código de Categoria de Assunto E50; E15
Código do objeto /G514
090 ## - NÚMERO DE CHAMADA LOCAL
-- E50 BR6400082
100 1# - ENTRADA PRINCIPAL--NOME PESSOAL
Nome pessoal Pinho, D.B.
110 1# - ENTRADA PRINCIPAL--NOME CORPORATIVO
Nome corporativo ou nome da jurisdição Universidade de Sao Paulo, Sao Paulo (Brasil). Faculdade de Filosofia, Ciencias e Letras
9 (RLIN) 10531
245 1# - TÍTULO
Título Cooperativismo e problemas de desenvolvimento regional [Comunidade rural; Cooperativa de consumo; Cooperativa de credito; Cooperativa de produtores; Vale do Ribeiro; Sao Paulo; Brasil]
260 3# - PUBLICAÇÃO, DISTRIBUIÇÃO, ETC.
Local de publicação, distribuição, etc. Sao Paulo, SP (Brasil):
Data da publicação, distribuição, etc. 1964.
300 ## - DESCRIÇÃO FÍSICA
Extensão 316 p.
500 ## - NOTA GERAL
Nota geral 16 illus.; 6 graphs; Map, scale 1:5.000; 35 tables; Bibliography p. 193-217 (349 ref). (*) Documento disponível na(o) INCRA, Brasilia, DF (Brazil)
650 ## - ASSUNTO--TERMO TÓPICO
Cabeçalho tópico ou nome geográfico Sociologia rural
650 ## - ASSUNTO--TERMO TÓPICO
Cabeçalho tópico ou nome geográfico Microeconomia
650 ## - ASSUNTO--TERMO TÓPICO
Cabeçalho tópico ou nome geográfico Comunidade rural
650 ## - ASSUNTO--TERMO TÓPICO
Cabeçalho tópico ou nome geográfico Cooperativa de consumo
650 ## - ASSUNTO--TERMO TÓPICO
Cabeçalho tópico ou nome geográfico Cooperativa de credito
650 ## - ASSUNTO--TERMO TÓPICO
Cabeçalho tópico ou nome geográfico Cooperativa de produtores
650 ## - ASSUNTO--TERMO TÓPICO
Cabeçalho tópico ou nome geográfico Vale do Ribeiro
650 ## - ASSUNTO--TERMO TÓPICO
Cabeçalho tópico ou nome geográfico Sao Paulo
909 ## -
-- 202309
-- Lucia
-- 55
-- Lucia Elande
942 ## - ELEMENTOS DE ENTRADA ADICIONADOS (KOHA)
Tipo de material Koha Livros
Exemplares
Situação do descarte Fonte da classificação ou esquema de arquivamento na estante Situação física Não pode ser emprestado Biblioteca de origem Biblioteca atual Total de empréstimos Data de último acesso Número do exemplar Tipo de material Koha Nota pública Situação das perdas Data de aquisição Fonte de aquisição Qualificador de local codificado Custo, preço normal de compra Número do inventário Custo, preço de reposição Preço efetivo de
  Classificação AGRIS   INDISPONÍVEL Biblioteca Nacional de Agricultura - Binagri Biblioteca Nacional de Agricultura - Binagri   25/09/2023 01 Livros (*) Documento disponível na(o) INCRA, Brasilia, DF (Brazil) Em falta 2023-09-25 Portaria Interministerial nº 164/94          

BINAGRI

Telefone: (61)3218-2567/2388/3357/2097 - binagri@agro.gov.br

Ministério da Agricultura e Pecuária , Esplanada dos Ministérios, Bloco D, Anexo B, Brasília/DF, CEP: 70.043-900